[Event "FIDE World Blitz 2013"]
[Site "Khanty-Mansiysk RUS"]
[Date "2013.06.10"]
[Round "18.1"]
[White "Ponomariov,R"]
[Black "Nepomniachtchi,I"]
[Result "1-0"]
[WhiteElo "2743"]
[BlackElo "2717"]

1.c4 Nf6 2.Nc3 c5 3.g3 d5 4.cxd5 Nxd5 5.Bg2 Nc7 6.Qa4+ Nd7 7.Nf3 g6 8.d4 Bg7
9.dxc5 O-O 10.Be3 Ne6 11.Qa3 Nf6 12.O-O Ng4 13.Rad1 Qe8 14.Bc1 Bd7 15.h3 Nf6
16.Ne5 Qc8 17.Nxd7 Nxd7 18.Nd5 Bf6 19.Be3 Ne5 20.Qa4 Nxc5 21.Qb4 Ne6 22.Nxe7+ Bxe7
23.Qxe7 Re8 24.Qf6 Nd7 25.Qf3 Ne5 26.Qd5 Nc4 27.Bh6 Nxb2 28.Rc1 Qd8 29.Qxb7 Rb8
30.Qxa7 Nd4 31.Kh2 Nxe2 32.Rc7 Qf6 33.Bd5 Rf8 34.Bxf8 Rxf8 35.Qe3 Nd4 36.Bb3 Nf5
37.Qf3 Qe5 38.Rd7 Qb5 39.Rfd1 Nxd1 40.Qxd1 Qc5 41.Kg2 Qc6+ 42.Qd5 Qf6 43.a4 h5
44.a5 h4 45.g4 Ng7 46.Qd6 Qc3 47.Bd5 Qxa5 48.Qf6 Kh7 49.Bxf7 Qa8+ 50.Kg1 Qe4
51.Bxg6+ Qxg6 52.Qxf8 Qb1+ 53.Kg2 Qe4+ 54.Qf3 Qe8 55.Qd3+  1-0

[Event "FIDE World Blitz 2013"]
[Site "Khanty-Mansiysk RUS"]
[Date "2013.06.10"]
[Round "21.3"]
[White "Movsesian,S"]
[Black "Ponomariov,R"]
[Result "0-1"]
[WhiteElo "2699"]
[BlackElo "2743"]

1.c4 c5 2.Nf3 Nc6 3.Nc3 e5 4.e3 Nf6 5.d4 e4 6.Ne5 g6 7.g4 h6 8.Bg2 Bg7 9.h4 cxd4
10.exd4 d5 11.g5 hxg5 12.hxg5 Rxh1+ 13.Bxh1 Nh5 14.cxd5 Nxe5 15.dxe5 Bxe5
16.Qa4+ Kf8 17.Qxe4 Qe7 18.Be3 Bf5 19.Qa4 Rc8 20.Rc1 Nf4 21.Kd2 Nd3 22.Qb3 Nxc1
23.Kxc1 b6 24.Bd2 Qc5 25.Be3 Bd4 26.Kd2 Re8 27.Ne2 Bxe3+ 28.fxe3 Qa5+ 29.Qc3 Qxc3+
30.Nxc3 Ke7 31.e4 Bd7 32.e5 Rh8 33.Bf3 Rh2+ 34.Ke3 Rxb2 35.d6+ Kd8 36.Bd5 Be6
37.Bf3 b5 38.Ne4 Rxa2 39.Nc5 Rc2 40.Nb7+ Kd7 41.Be4 Rc3+ 42.Kd2 b4 43.Na5 Rc5
44.Nb7 Rxe5 45.Bc2 Bd5 46.Ba4+ Bc6  0-1

[Event "FIDE World Blitz 2013"]
[Site "Khanty-Mansiysk RUS"]
[Date "2013.06.10"]
[Round "24.2"]
[White "Nguyen Ngoc Truong Son"]
[Black "Ponomariov,R"]
[Result "1-0"]
[WhiteElo "2625"]
[BlackElo "2743"]

1.d4 Nf6 2.c4 e6 3.Nc3 Bb4 4.e3 O-O 5.Ne2 d5 6.a3 Be7 7.Nf4 c6 8.cxd5 exd5
9.Bd3 a5 10.O-O Na6 11.f3 Re8 12.Bc2 c5 13.dxc5 Bxc5 14.Ncxd5 Nxd5 15.Nxd5 Be6
16.Nf4 Qb6 17.Qd3 g6 18.Kh1 Rad8 19.Qc3 Bf8 20.Nxe6 Rxe6 21.Qb3 Nc5 22.Qxb6 Rxb6
23.e4 Nb3 24.Bxb3 Rxb3 25.Bg5 Rc8 26.Rf2 Bg7 27.Rb1 h6 28.Bf4 g5 29.Bc1 Rd8
30.Rd2 Rbd3 31.Rxd3 Rxd3 32.Kg1 Rd1+ 33.Kf2 Be5 34.g3 a4 35.Ke2 Rh1 36.Kd3 b5
37.h4 gxh4 38.gxh4 h5 39.Kc2 Rxh4 40.Bd2 Rh2 41.Kd3 h4 42.f4 Bg7 43.Rg1 Kh7
44.e5 Bf8 45.Be3 Rxb2 46.Rh1 Bxa3 47.Rxh4+ Kg6 48.Ke4 Rb4+ 49.Kd5 Bb2 50.f5+ Kxf5
51.Rxb4 a3 52.Rf4+ Kg6 53.Rf6+ Kg7 54.Bd4 Bc1 55.Kc5  1-0

[Event "FIDE World Blitz 2013"]
[Site "Khanty-Mansiysk RUS"]
[Date "2013.06.10"]
[Round "30.2"]
[White "Sargissian,G"]
[Black "Ponomariov,R"]
[Result "1/2-1/2"]
[WhiteElo "2671"]
[BlackElo "2743"]

1.d4 Nf6 2.Nf3 d5 3.c4 dxc4 4.e3 e6 5.Bxc4 a6 6.O-O c5 7.dxc5 Bxc5 8.Qxd8+ Kxd8
9.Be2 Ke7 10.Ne1 Bd7 11.Nd3 Bd6 12.Na3 Rc8 13.Bf3 Bc6 14.Nc4 Bxf3 15.Nxd6 Kxd6
16.gxf3 Nbd7 17.Bd2 Ke7 18.Rac1 Nd5 19.e4 N5b6 20.b3 Rxc1 21.Rxc1 Rc8 22.Rd1 Ke8
23.Kf1 Nc5 24.Nb2 Ncd7 25.Nd3 Nc5 26.Nb2 Ncd7 27.Nd3 Nc5  1/2-1/2

[Event "82nd ch-UKR 2013"]
[Site "Kiev UKR"]
[Date "2013.06.15"]
[Round "1.2"]
[White "Ponomariov,R"]
[Black "Bogdanovich,S"]
[Result "1-0"]
[WhiteElo "2743"]
[BlackElo "2567"]

1.e4 e5 2.Nf3 Nc6 3.d4 exd4 4.Nxd4 Bc5 5.Nb3 Bb6 6.Nc3 d6 7.Qe2 Be6 8.Be3 Nf6
9.O-O-O Qe7 10.g3 O-O-O 11.Bg2 Rhe8 12.Rhe1 h6 13.h3 Qf8 14.f4 Bxb3 15.axb3 Bxe3+
16.Qxe3 Nxe4 17.Nxe4 d5 18.Nd6+ Qxd6 19.Qxe8 Rxe8 20.Rxe8+ Kd7 21.Re3 Ne7
22.Rde1 Nc6 23.h4 Qc5 24.c3 d4 25.Rd1 Qb5 26.Kc2 a5 27.Bxc6+ Kxc6 28.Re5 Qa6
29.Rxd4 Qf1 30.Re7 Qg2+ 31.Kb1 Qxg3 32.Ka2 Qxh4 33.Rxf7 Qg3 34.Rdd7 b5 35.Rxc7+ Kd6
36.Rb7 a4 37.Rxg7 axb3+ 38.Kxb3 Qxf4 39.Rxb5 Qf1 40.Ra5 Qd1+ 41.Ka2 Qh1 42.Rh7 Qe4
43.Rxh6+ Kc7 44.Kb3 Qd3 45.Rc5+ Kb7 46.Rh4 Kb6 47.Rd4 Qe2 48.Rc8 Qe6+ 49.Rdc4 Kb7
50.Rc5 Qe2 51.Rb4+ Ka6 52.Ka2  1-0

[Event "82nd ch-UKR 2013"]
[Site "Kiev UKR"]
[Date "2013.06.16"]
[Round "2.2"]
[White "Ponomariov,R"]
[Black "Eljanov,P"]
[Result "1-0"]
[WhiteElo "2743"]
[BlackElo "2707"]

1.e4 e5 2.Nf3 Nc6 3.Bb5 a6 4.Ba4 Nf6 5.O-O Be7 6.Re1 b5 7.Bb3 d6 8.c3 O-O
9.d4 Bg4 10.Be3 exd4 11.cxd4 d5 12.e5 Ne4 13.h3 Bh5 14.Nbd2 Nxd2 15.Qxd2 Bxf3
16.Qc3 Bxg2 17.Kxg2 Nb8 18.Rac1 c6 19.Kh2 f5 20.Rg1 Ra7 21.Rg2 Qd7 22.Rcg1 Rf7
23.Bd1 g6 24.Bh5 Bf8 25.Bf4 Qe8 26.Rxg6+ hxg6 27.Rxg6+ Bg7 28.e6 Rf8 29.Qc5 Qe7
30.Bd6 Qh4 31.Qxa7  1-0

[Event "82nd ch-UKR 2013"]
[Site "Kiev UKR"]
[Date "2013.06.17"]
[Round "3.2"]
[White "Neverov,V"]
[Black "Ponomariov,R"]
[Result "0-1"]
[WhiteElo "2515"]
[BlackElo "2743"]

1.d4 Nf6 2.c4 e6 3.Nc3 Bb4 4.e3 O-O 5.Ne2 d5 6.a3 Be7 7.Nf4 c6 8.Bd3 Nbd7
9.O-O dxc4 10.Bxc4 e5 11.dxe5 Nxe5 12.Ba2 Qxd1 13.Rxd1 b6 14.Nd3 Nxd3 15.Rxd3 Ba6
16.Rd1 Rfd8 17.Bd2 Kf8 18.Be1 Ng4 19.Rxd8+ Rxd8 20.Rd1 Ne5 21.Rxd8+ Bxd8
22.Bd2 f5 23.f4 Nc4 24.Bc1 Bf6 25.Nd1 Ke7 26.Bb1 Nd6 27.Kf2 Bc4 28.Nc3 Bxc3
29.bxc3 Ke6 30.g4 g6 31.gxf5+ gxf5 32.Kg3 c5 33.Bc2 a5 34.Kh4 Kf6 35.Kg3 Bd5
36.Bb2 Be4 37.Bd1 Nc4 38.Bc1 b5 39.Be2 Nd6 40.Bb2 c4 41.Bd1 Bc6 42.Bc2 Kg6
43.Bc1 Ne8 44.Bd2 Nf6 45.Kf2 Be4 46.Bd1 Nd5 47.Be2 Kf6 48.Ke1 Ke7 49.Kd1 Kd6
50.Kc1 Kc5 51.Kb2 Nf6 52.Bf1 Ng4 53.h4 Nh2  0-1

[Event "82nd ch-UKR 2013"]
[Site "Kiev UKR"]
[Date "2013.06.18"]
[Round "4.2"]
[White "Ponomariov,R"]
[Black "Efimenko,Z"]
[Result "1/2-1/2"]
[WhiteElo "2743"]
[BlackElo "2651"]

1.d4 Nf6 2.c4 e6 3.Nf3 b6 4.g3 Bb4+ 5.Bd2 Bxd2+ 6.Qxd2 Ba6 7.b3 d5 8.cxd5 Ne4
9.Qc2 exd5 10.Nc3 Nxc3 11.Qxc3 O-O 12.Rc1 Qe7 13.e3 Qe4 14.Be2 c6 15.Qc2 Bxe2
16.Kxe2 Qe6 17.Rhe1 Rc8 18.Kf1 f6 19.Nh4 Nd7 20.Qf5 Re8 21.Rc2 a5 22.Rec1 Rac8
23.Qxe6+ Rxe6 24.Nf5 Nb8 25.g4 g6 26.Ng3 Kf7 27.h4 Rd6 28.Kg2 Nd7 29.Ne2 Nb8
30.g5 Na6 31.Nf4 c5 32.dxc5 Rxc5 33.Rxc5 Nxc5 34.Ne2 Ne6 35.f4 d4 36.exd4 Nxd4
37.Nxd4 Rxd4 38.Kf3 fxg5 39.hxg5 Rd2 40.Rc7+ Kg8 41.Rb7 Rxa2 42.Rxb6 a4 43.bxa4 Rxa4  1/2-1/2

[Event "82nd ch-UKR 2013"]
[Site "Kiev UKR"]
[Date "2013.06.19"]
[Round "5.2"]
[White "Kravtsiv,M"]
[Black "Ponomariov,R"]
[Result "1/2-1/2"]
[WhiteElo "2626"]
[BlackElo "2743"]

1.e4 c5 2.Nf3 d6 3.d4 cxd4 4.Nxd4 Nf6 5.Nc3 a6 6.Be2 e5 7.Nb3 Be7 8.Bg5 Be6
9.Bxf6 Bxf6 10.Qd3 O-O 11.Rd1 Nc6 12.Qxd6 Nd4 13.Qxd8 Rfxd8 14.Nxd4 exd4
15.Nd5 Bxd5 16.exd5 Rxd5  1/2-1/2

[Event "82nd ch-UKR 2013"]
[Site "Kiev UKR"]
[Date "2013.06.20"]
[Round "6.2"]
[White "Ponomariov,R"]
[Black "Moiseenko,A1"]
[Result "1/2-1/2"]
[WhiteElo "2743"]
[BlackElo "2711"]

1.d4 Nf6 2.c4 e6 3.Nf3 d5 4.Nc3 Bb4 5.Qb3 c5 6.dxc5 Nc6 7.Bg5 h6 8.Bxf6 Qxf6
9.cxd5 exd5 10.e3 O-O 11.Bb5 d4 12.Bxc6 dxc3 13.Qxb4 cxb2 14.Rb1 bxc6 15.O-O Ba6
16.Rfe1 Rab8 17.Qa3 Bc4 18.Nd4 Rfe8 19.Rxb2 Rxb2 20.Qxb2 Bxa2 21.Qxa2 Qxd4
22.Qxa7 Qc3 23.Rd1 Qc2 24.Ra1 Re6 25.h3 Rf6 26.Ra2 Qd1+ 27.Kh2 Qd5 28.Rc2 Rg6
29.g3 Rf6 30.Qa1 h5 31.Qd4 Qf3 32.Rd2 Kh7 33.Kg1 Qf5 34.h4 Re6 35.Re2 Re4
36.Qd3 Re5 37.e4 Qg4 38.Qd4 Rxc5 39.Qxc5 Qxe2 40.Qxc6 Qf3 41.Qd5 g6 42.Qd4 Qe2
43.Kg2 Kg8 44.Qe5 Qd3 45.Qf4 Kg7 46.Qf3 Qd2 47.g4 hxg4 48.Qxg4 Kf8 49.h5 gxh5
50.Qxh5 Qc3 51.Qf3 Qg7+ 52.Qg3 Qd4 53.Qf4 Qc3 54.Qd6+ Ke8 55.f3 Qe3 56.Kg3 Qg5+
57.Kf2 Qc1 58.Ke2 Qc3 59.Kf2 Qc1 60.Qe5+ Kf8 61.Kg3 Qg1+ 62.Kh4 Qf2+ 63.Kg4 Qg1+
64.Kf5 Qg6+ 65.Kf4 Qh6+ 66.Kg4 Qg6+ 67.Qg5 Qd6 68.Qf5 Qd4 69.Kh5 Qh8+ 70.Kg5 Qg7+
71.Kf4 Qh6+ 72.Ke5 Qh2+ 73.Qf4 Qb2+ 74.Kf5 Qb5+ 75.Qe5 Qd7+ 76.Kg5 Qd2+ 77.Kh5 Qd1
78.Qc5+ Kg7 79.Kg4 Qe2 80.Qg5+ Kf8 81.Qh6+ Ke7 82.Qh3 Qd1 83.Kh5 Qd6 84.Qh4+ Kf8
85.Kg4 Qe6+ 86.Kg3 Qe5+ 87.Qf4 Qg7+ 88.Kh3 Qd4 89.Qh6+ Ke7 90.Qg5+ Kf8 91.e5 Qf2
92.Qd8+ Kg7 93.Qg5+ Kf8 94.Qd8+ Kg7 95.Qf6+ Kg8 96.Qf4 Qc2 97.Kh4 Qb1 98.Qg4+ Kf8
99.f4 Qh7+ 100.Qh5 Qe4 101.Kg3 Qd3+ 102.Kg4 Kg7 103.Qg5+ Kf8 104.Qh6+ Kg8
105.Qd6 Qe3 106.f5 Qg1+ 107.Kf4 Qf2+ 108.Ke4 Qe2+ 109.Kf4 Qf2+ 110.Kg5 Qg3+
111.Kh5 Qh3+ 112.Kg5 Qg3+ 113.Kh5  1/2-1/2

[Event "82nd ch-UKR 2013"]
[Site "Kiev UKR"]
[Date "2013.06.22"]
[Round "7.2"]
[White "Areshchenko,A"]
[Black "Ponomariov,R"]
[Result "1/2-1/2"]
[WhiteElo "2708"]
[BlackElo "2743"]

1.e4 e5 2.Nf3 Nc6 3.Bb5 Nf6 4.O-O Nxe4 5.Re1 Nd6 6.Nxe5 Be7 7.Bf1 Nxe5 8.Rxe5 O-O
9.d4 Ne8 10.d5 Bc5 11.Re1 d6 12.Nc3 Bf5 13.Be3 Bxe3 14.Rxe3 Nf6 15.Bd3  1/2-1/2

[Event "82nd ch-UKR 2013"]
[Site "Kiev UKR"]
[Date "2013.06.23"]
[Round "8.2"]
[White "Ponomariov,R"]
[Black "Volokitin,And"]
[Result "1/2-1/2"]
[WhiteElo "2743"]
[BlackElo "2687"]

1.d4 Nf6 2.c4 g6 3.Nc3 d5 4.Nf3 Bg7 5.e3 O-O 6.Bd2 c5 7.dxc5 Nc6 8.Rc1 Bg4
9.cxd5 Nxd5 10.h3 Bxf3 11.Qxf3 Ndb4 12.Qe4 Qd7 13.Be2 Bxc3 14.Bxc3 Nxa2 15.Rc2 Nxc3
16.Rxc3 Rfd8 17.O-O Qd2 18.Rc2 Qb4 19.Bf3  1/2-1/2

[Event "82nd ch-UKR 2013"]
[Site "Kiev UKR"]
[Date "2013.06.24"]
[Round "9.2"]
[White "Kryvoruchko,Y"]
[Black "Ponomariov,R"]
[Result "1/2-1/2"]
[WhiteElo "2659"]
[BlackElo "2743"]

1.e4 e5 2.Nf3 Nc6 3.Bb5 a6 4.Ba4 Nf6 5.O-O Be7 6.d3 d6 7.c3 O-O 8.Re1 Re8
9.Nbd2 Bf8 10.Nf1 h6 11.Ng3 b5 12.Bc2 d5 13.Bd2 dxe4 14.dxe4 Be6 15.Qc1 Nd7
16.Be3 Na5 17.b3 c5 18.Qb2 Nc6 19.Rad1 Qc7 20.Nf5 a5 21.Bc1 Nb6 22.Ne3 Rad8
23.Bd3 c4 24.bxc4 bxc4 25.Bf1 Na4 26.Qc2 Nb6 27.Qb2 Na4 28.Qc2 Nb6 29.Qb2  1/2-1/2

[Event "82nd ch-UKR 2013"]
[Site "Kiev UKR"]
[Date "2013.06.25"]
[Round "10.2"]
[White "Ponomariov,R"]
[Black "Korobov,A"]
[Result "1/2-1/2"]
[WhiteElo "2743"]
[BlackElo "2715"]

1.e4 c5 2.Nf3 d6 3.d4 cxd4 4.Nxd4 Nf6 5.Nc3 a6 6.Be3 e6 7.Be2 Qc7 8.Qd2 b5
9.a3 Bb7 10.f3 Nbd7 11.O-O-O Rc8 12.Kb1 h5 13.Ndxb5 axb5 14.Nxb5 Qc6 15.Na7 Qc7
16.Nb5 Qc6 17.Na7  1/2-1/2

[Event "82nd ch-UKR 2013"]
[Site "Kiev UKR"]
[Date "2013.06.26"]
[Round "11.2"]
[White "Baryshpolets,A"]
[Black "Ponomariov,R"]
[Result "0-1"]
[WhiteElo "2547"]
[BlackElo "2743"]

1.d4 Nf6 2.c4 e6 3.g3 c5 4.d5 exd5 5.cxd5 d6 6.Nc3 g6 7.Bg2 Bg7 8.Nf3 O-O
9.O-O Re8 10.Nd2 b6 11.a4 Nbd7 12.h3 a6 13.f4 Nh5 14.Kh2 Rb8 15.g4 Nhf6 16.g5 Nh5
17.Nc4 Qc7 18.Ne4 Bf8 19.Bd2 f5 20.Nf2 b5 21.axb5 axb5 22.Na5 Ra8 23.e4 Nb6
24.exf5 Bxf5 25.Ng4 b4 26.Re1 Rxe1 27.Qxe1 Qf7 28.Qf1 Bd7 29.Qf2 Bg7 30.Qf1 Qf8
31.Qc1 Ra7 32.Nc6 Rxa1 33.Qxa1 Nxf4 34.Qa7 Nxg2 35.Kxg2 Bxg4 36.hxg4 Nxd5
37.Qa2 Qf7 38.Qa8+ Bf8 39.Nd8 Nb6 40.Nxf7 Nxa8 41.Nd8  0-1

[Event "SportAccord Rapid Men 2013"]
[Site "Beijing CHN"]
[Date "2013.12.12"]
[Round "2.6"]
[White "Ponomariov,R"]
[Black "Aronian,L"]
[Result "1/2-1/2"]
[WhiteElo "2731"]
[BlackElo "2803"]

1.e4 e5 2.Nf3 Nc6 3.Bb5 Nf6 4.O-O Nxe4 5.d4 Nd6 6.Bxc6 dxc6 7.dxe5 Nf5 8.Qxd8+ Kxd8
9.Nc3 Bd7 10.Rd1 Kc8 11.Ng5 Be8 12.b3 b6 13.Rd3 Kb7 14.Bb2 Nh4 15.Rad1 Be7
16.Nge4 Ng6 17.Ne2 c5 18.N4g3 c4 19.bxc4 Ba4 20.R1d2 Bg5 21.f4 Bxf4 22.Nxf4 Nxf4
23.Rf3 Ne6 24.Rxf7 Rad8 25.Rd6 Rhe8 26.Nf5 Ka6 27.Rxd8 Rxd8 28.Ne3 Rd7 29.Rxd7 Bxd7
30.Kf2 Be8 31.Nd5 c6 32.Ne7 c5 33.Ke3 Kb7 34.Nd5 g5 35.Bc1 Bg6 36.Kd2 h6
37.Kc3 Be4 38.g3 b5 39.Nf6 b4+ 40.Kb2 Bf3 41.h4 gxh4 42.gxh4 h5 43.c3 a5
44.cxb4 cxb4 45.a3 Nc5 46.axb4 axb4 47.Kc2 Be2 48.Be3 Kc6 49.Bxc5 Kxc5 50.e6 Kd6
51.Kb3 Kxe6 52.Nd5 Kf5 53.Kxb4 Kg4 54.Nf6+ Kxh4 55.Nxh5 Bxc4 56.Kxc4 Kxh5  1/2-1/2

[Event "Chinese Teams 2013"]
[Site "Tianjin CHN"]
[Date "2013.12.21"]
[Round "19.2"]
[White "Ponomariov,R"]
[Black "Ji Dan"]
[Result "1/2-1/2"]
[WhiteElo "2731"]
[BlackElo "2384"]

1.d4 Nf6 2.c4 e6 3.Nc3 d5 4.Bg5 Be7 5.e3 h6 6.Bh4 O-O 7.Qc2 c5 8.dxc5 dxc4
9.Bxc4 Qa5 10.a3 Qxc5 11.Ba2 b6 12.Nge2 Bb7 13.O-O Nbd7 14.Rac1 Rfc8 15.Rfd1 Nf8
16.Qa4 Qh5 17.Bg3 a6 18.f3 b5 19.Qh4 Qc5 20.Qd4 Qxd4 21.Nxd4 b4 22.axb4 Bxb4
23.e4 Rd8 24.Na4 Rac8 25.Bf2 N6d7 26.Nb3 Rxc1 27.Rxc1 Rc8 28.Rxc8 Bxc8 29.Kf1 Ng6
30.Nbc5 Nge5 31.Ke2 Kf8 32.Bd4 Nxc5 33.Nxc5 Nc6 34.Be3 Ne5 35.h3 Ke7 36.f4 Nd7
37.Nd3 Ba5 38.Bd4 f6 39.Ke3 Bb7 40.Nc5 Nxc5 41.Bxc5+ Kd7 42.g4 g5 43.f5 exf5
44.gxf5 Bc7 45.Be6+ Ke8 46.Bc4 Be5 47.b4 Kd7 48.Be6+ Ke8 49.Kf3 h5 50.Bc4 Kd7
51.Bf7 h4 52.Be6+ Kc7 53.Bc4 Kd7 54.Bd3 Ke8 55.Kg4 Kf7 56.Bc4+ Kg7 57.Kf3 Bc8
58.Be2 Kf7 59.Ke3 Ke8 60.Bd4 Ke7 61.Bxe5 fxe5 62.Bc4 Kf6 63.Kf3 Bb7 64.Be2 Kf7
65.Kg4 Kf6 66.Bd3 Bc6 67.Kf3 Bb7 68.Bc4 Bc8 69.Kg4 Bb7 70.Kf3 Bc8 71.Bf1 Bb7
72.Ke3 Bc8 73.Kd3 Bd7 74.Ke3 Bc8 75.Be2 Bb7  1/2-1/2

[Event "Chinese Teams 2013"]
[Site "Tianjin CHN"]
[Date "2013.12.22"]
[Round "20.5"]
[White "Wang Shuai"]
[Black "Ponomariov,R"]
[Result "1/2-1/2"]
[WhiteElo "2438"]
[BlackElo "2731"]

1.e4 e5 2.Nf3 Nc6 3.Nc3 Nf6 4.d4 exd4 5.Nxd4 Bb4 6.Nxc6 bxc6 7.Bd3 O-O 8.O-O Re8
9.Qf3 Bd6 10.Re1 Be5 11.Bf4 Qe7 12.Bxe5 Qxe5 13.Qg3 Qxg3 14.hxg3 d6 15.f3 h5
16.Kf2 g6 17.Re3 Re5 18.Na4 Kg7 19.b3 Be6 20.Rae1 Rb8 21.Be2 Ra5 22.c4 Nd7
23.Rc1 Kf6 24.Rc2 Ke7 25.Rec3 Nb6 26.Nxb6 axb6 27.a4 Rh8 28.f4 h4 29.gxh4 Rxh4
30.g3 Rh8 31.Bf3 g5 32.Rc1 Rh2+ 33.Kg1 Rh6 34.Kf2 gxf4 35.gxf4 c5 36.Rh1 Rxh1
37.Bxh1 c6 38.Bf3 b5 39.cxb5 cxb5 40.axb5 Rxb5 41.Bd1 Rb4 42.Bc2 Rb8 43.e5 Rh8
44.exd6+ Kxd6 45.Ke3 Rh3+ 46.Kd2 Rh2+ 47.Ke3 Bd5 48.Bf5 Kc6 49.Bd3 Kb6 50.Bc4 Bxc4
51.bxc4 Ka5 52.Ke4 Kb4 53.Rc1 Rh5 54.f5 f6 55.Rg1 Kxc4 56.Rg6 Rh4+ 57.Ke3 Rh3+
58.Ke4 Rh4+ 59.Ke3 Kd5 60.Rxf6 Ke5 61.Rc6 Re4+ 62.Kd3 c4+ 63.Rxc4 Rxc4 64.Kxc4 Kxf5  1/2-1/2

[Event "Chinese Teams 2013"]
[Site "Tianjin CHN"]
[Date "2013.12.24"]
[Round "22.4"]
[White "Wan Yunguo"]
[Black "Ponomariov,R"]
[Result "1/2-1/2"]
[WhiteElo "2516"]
[BlackElo "2731"]

1.e4 c5 2.Nf3 d6 3.d4 cxd4 4.Nxd4 Nf6 5.Nc3 a6 6.Be3 e5 7.Nb3 Be6 8.Qd2 Nbd7
9.f4 b5 10.O-O-O Be7 11.f5 Bc4 12.h3 Rc8 13.Bd3 Qc7 14.Kb1 Nb6 15.Bxb6 Qxb6
16.g4 h6 17.Rhg1 a5 18.h4 a4 19.g5 hxg5 20.hxg5 axb3 21.gxf6 bxa2+ 22.Ka1 Bxf6
23.Bxc4 Rxc4 24.Qd5 Qc6 25.Nxb5 Qxd5 26.Rxd5 Rxc2 27.Nxd6+ Ke7 28.Rgd1 Rb8
29.Rb5 Rxb5 30.Nxb5 Bg5 31.Rd3 Rc4 32.Nc3 Rd4 33.Rg3 Bd2 34.Nd5+ Kd6 35.Rxg7 Rxe4
36.Nf6 Re1+ 37.Kxa2 e4 38.Nxe4+ Rxe4 39.Rxf7 Re2 40.Rf6+ Kd5 41.Rb6 Rf2 42.f6 Be3
43.Rb8 Bd4 44.Ka3 Rxf6 45.Kb3 Rf3+ 46.Ka2 Kc4 47.Rc8+ Bc5 48.Rc7 Rf8 49.Rh7 Rb8
50.Rh2 Ra8+ 51.Kb1 Kd3 52.Rh3+ Be3 53.Rh2 Rf8 54.Rh3 Rf2 55.Rh8 Bd4 56.Rb8 Rf5
57.Rb7 Rf8 58.Rb3+ Kd2 59.Rb7 Rc8 60.Rd7 Rc1+ 61.Ka2 Rc4 62.Kb3 Kd3 63.Rh7 Rc8
64.Rh3+ Be3 65.Rh2 Ra8 66.Rh7 Bd2 67.Rd7+ Ke2 68.Kc2 Rc8+ 69.Kb1 Kd1 70.Rd6 Rc1+
71.Ka2 Rc5 72.Kb1 Ke2 73.Re6+ Be3 74.Rd6 Rc4 75.Rd7 Bd4 76.Rh7 Rb4 77.Rh2+ Kd3
78.Rh3+ Kc4 79.Rh2 Bc3 80.Rc2 Rxb2+ 81.Rxb2 Bxb2  1/2-1/2

[Event "TCh-CZE Extraliga 2013-14"]
[Site "Lysa nad Labem CZE"]
[Date "2014.03.22"]
[Round "10.1"]
[White "Navara,D"]
[Black "Ponomariov,R"]
[Result "1/2-1/2"]
[WhiteElo "2705"]
[BlackElo "2731"]

1.d4 d5 2.c4 c6 3.Nf3 Nf6 4.Nc3 e6 5.Bg5 h6 6.Bxf6 Qxf6 7.Qb3 Nd7 8.e4 dxe4
9.Nxe4 Qf4 10.Bd3 e5 11.O-O Be7 12.Rfe1 exd4 13.Bc2 O-O 14.Qd3 f5 15.Ng3 Nc5
16.Qd1 d3 17.Rxe7 dxc2 18.Qxc2 Qd6 19.Re5 Qd3 20.Qc1 b6 21.b4 Ne4 22.Qb2 Qc3
23.Qxc3 Nxc3 24.Nd4 f4 25.Ne4 Nxe4 26.Rxe4 Bd7 27.h4 a5  1/2-1/2

[Event "TCh-CZE Extraliga 2013-14"]
[Site "Lysa nad Labem CZE"]
[Date "2014.03.23"]
[Round "11.1"]
[White "Ponomariov,R"]
[Black "Ftacnik,L"]
[Result "1-0"]
[WhiteElo "2731"]
[BlackElo "2545"]

1.e4 c5 2.Nf3 d6 3.d4 cxd4 4.Nxd4 Nf6 5.Nc3 a6 6.Be3 e5 7.Nb3 Be7 8.f3 h5
9.Qd2 Be6 10.Be2 Nbd7 11.Nd5 Nxd5 12.exd5 Bf5 13.O-O Qc7 14.c4 O-O 15.Na5 Bg6
16.b4 f5 17.Rac1 f4 18.Bf2 e4 19.fxe4 Nf6 20.Bf3 Bxe4 21.c5 Qd7 22.c6 bxc6
23.dxc6 Qf5 24.Nc4 Bxf3 25.gxf3 Ne4 26.Qe2 d5 27.Nb6 Rae8 28.fxe4 Qg5+ 29.Bg3 fxg3
30.Nxd5 Rf2 31.Qe3 Qh4 32.Qxg3 Rxf1+ 33.Rxf1 Qxe4 34.Qf3 Qg6+ 35.Kh1 Bd6
36.c7 Rc8 37.a4 Rf8 38.Qxf8+ Bxf8 39.Nf6+  1-0

[Event "5th Hainan Danzhou 2014"]
[Site "Danzhou CHN"]
[Date "2014.06.25"]
[Round "1.5"]
[White "Ponomariov,R"]
[Black "Zhou Weiqi"]
[Result "1/2-1/2"]
[WhiteElo "2723"]
[BlackElo "2601"]

1.d4 Nf6 2.c4 e6 3.Nc3 Bb4 4.e3 O-O 5.Ne2 Re8 6.a3 Bf8 7.Ng3 d5 8.Be2 dxc4
9.O-O Nbd7 10.Bxc4 c5 11.dxc5 Bxc5 12.b4 Be7 13.Qb3 a5 14.Bb2 axb4 15.axb4 Rxa1
16.Rxa1 Nb6 17.Rd1 Qc7 18.Be2 Bd7 19.Nb5 Bxb5 20.Bxb5 Rd8 21.Rc1 Qd6 22.Be2 Qxb4
23.Qxb4 Bxb4 24.Bxf6 gxf6 25.Rb1 Nd5 26.Bf3 Bc3 27.Rxb7 f5 28.e4 fxe4 29.Nxe4 Bf6
30.Nxf6+ Nxf6 31.g3 Rd7 32.Rxd7 Nxd7 33.Be2 Kg7 34.Kg2 h6 35.Kf3 Ne5+ 36.Ke4 Nd7
37.Kf3 Ne5+ 38.Ke4 Nd7 39.Kf3  1/2-1/2

[Event "5th Hainan Danzhou 2014"]
[Site "Danzhou CHN"]
[Date "2014.06.26"]
[Round "2.2"]
[White "Yu Yangyi"]
[Black "Ponomariov,R"]
[Result "1/2-1/2"]
[WhiteElo "2675"]
[BlackElo "2723"]

1.e4 e5 2.Nf3 Nc6 3.d4 exd4 4.Nxd4 Nf6 5.Nxc6 bxc6 6.e5 Qe7 7.Qe2 Nd5 8.c4 Nb6
9.Nc3 Qe6 10.Qe4 Bb4 11.Bd2 Ba6 12.b3 Bxc3 13.Bxc3 d5 14.Qh4 dxc4 15.Rc1 Qg6
16.g3 O-O 17.Be2 c5 18.O-O Bb7 19.bxc4 Rfe8 20.Rfe1 Nd7 21.e6 Rxe6 22.Bh5 Qh6
23.Rb1 Rxe1+ 24.Rxe1 Rf8 25.Bg4 Qxh4 26.gxh4 Bc6 27.Bxd7 Bxd7 28.Re5 f6 29.Rxc5 c6
30.Ra5 Be6 31.Rxa7 Rd8 32.Re7 Bxc4 33.a4 Rd3 34.Re3 Rd1+ 35.Re1 Rd3 36.Re3 Rd1+
37.Re1 Rd3 38.Re3  1/2-1/2

[Event "5th Hainan Danzhou 2014"]
[Site "Danzhou CHN"]
[Date "2014.06.27"]
[Round "3.4"]
[White "Ponomariov,R"]
[Black "Ma Qun"]
[Result "1/2-1/2"]
[WhiteElo "2723"]
[BlackElo "2609"]

1.e4 c6 2.Nc3 d5 3.Nf3 Bg4 4.h3 Bxf3 5.Qxf3 e6 6.d4 Nf6 7.Bd3 dxe4 8.Nxe4 Nxe4
9.Qxe4 Nd7 10.c3 Nf6 11.Qe2 Bd6 12.Bg5 Qa5 13.h4 h6 14.Bd2 Qh5 15.g3 Qxe2+
16.Kxe2 h5 17.Rhe1 O-O-O 18.Rad1 g6 19.a3 Rd7 20.Bc2 Bf8 21.Bg5 Bg7 22.Rd3 Ne4
23.Bf4 Bh6 24.Be5 Rg8 25.Rg1 Nd6 26.Bb3 Bg7 27.Bf4 Nf5 28.Rgd1 Bh6 29.Be5 Bg7
30.Bf4 Bh6 31.Be5 Bg7 32.Kf3 Bxe5 33.dxe5 Rxd3+ 34.Rxd3 g5 35.hxg5 Rxg5 36.Bd1 Nh6
37.Ke4 Ng4 38.Bxg4 Rxg4+ 39.f4 h4 40.gxh4 Rxh4 41.Rg3 Kd7 42.Rg7 Ke7 43.Rg8 Rh2
44.b4 Ra2 45.Rb8 Rxa3 46.Rxb7+ Ke8 47.c4 a5 48.bxa5 Rxa5 49.Rc7 c5 50.f5 exf5+
51.Kxf5 Ra1 52.Ke4 Re1+ 53.Kd5 Rd1+ 54.Kxc5 Re1 55.Kd6 Rd1+ 56.Kc6 Re1 57.c5 Rxe5
58.Ra7 Re2 59.Ra6 Ke7 60.Kb7 Rc2 61.c6 Kd6 62.Rb6 f5 63.Rb1 f4 64.Rd1+ Ke5
65.c7 f3 66.c8=Q Rxc8 67.Kxc8 Ke4 68.Kd7 Ke3 69.Ke6 Ke2 70.Ra1 f2 71.Ra2+ Ke1
72.Rxf2 Kxf2  1/2-1/2

[Event "5th Hainan Danzhou 2014"]
[Site "Danzhou CHN"]
[Date "2014.06.28"]
[Round "4.3"]
[White "Xiu Deshun"]
[Black "Ponomariov,R"]
[Result "0-1"]
[WhiteElo "2550"]
[BlackElo "2723"]

1.d4 Nf6 2.c4 e6 3.Nc3 Bb4 4.Qc2 d6 5.a3 Bxc3+ 6.Qxc3 Nbd7 7.Nf3 O-O 8.g3 Re8
9.Bg2 e5 10.dxe5 dxe5 11.O-O Qe7 12.b3 Nf8 13.Bb2 Ng6 14.Rad1 Bf5 15.Ne1 Ne4
16.Qf3 Qf6 17.g4 Nh4 18.Qe3 Nxg2 19.Nxg2 Bg6 20.f3 Nd6 21.f4 Be4 22.Rxd6 Qxd6
23.Qxe4 Qb6+ 24.Qe3 Qxe3+ 25.Nxe3 exf4 26.Nf5 f6 27.Kf2 Rad8 28.Bc1 Re4 29.Kf3 Rde8
30.Bxf4 Rxe2 31.Rd1 g6 32.Ne3 Rb2 33.Rd3 c5 34.h4 Kf7 35.Bg3 Rb1 36.Bf2 b6
37.Nd5 Rb2 38.Bg3 Ree2 39.Bb8 Rf2+ 40.Ke4 Rbe2+ 41.Re3 Rd2 42.Rd3 f5+ 43.gxf5 gxf5+
44.Ke5 Rxd3 45.Bxa7 Rxb3 46.Bxb6 Rc2 47.a4 Rxc4 48.a5 Ra4 49.Kxf5 Rb5 50.Nc3 Raxa5  0-1